Evaluating the efficiency of paediatric wards in Slovak Republic
Data Envelopment Analysis (DEA) je metóda založená na použití lineárneho programovania, ktorá sa používa na meranie a vyhodnotenie efektivity rozhodovacích jednotiek väčšinou servisných podnikov a neziskových verejných organizácií. Vyhodnotenie účinnosti v detských oddeleniach slovenských nemocníc p...
Salvato in:
| Autore principale: | |
|---|---|
| Altri autori: | |
| Natura: | Capitolo di libro |
| Lingua: | inglese |
| Soggetti: | |
| Tags: |
Nessun Tag, puoi essere il primo ad aggiungerne!!
|
MARC
| LEADER | 00000nla a2200000 4500 | ||
|---|---|---|---|
| 001 | 0227244 | ||
| 005 | 20240502073739.0 | ||
| 041 | 0 | |a eng | |
| 044 | |a SK | ||
| 245 | 1 | 0 | |a Evaluating the efficiency of paediatric wards in Slovak Republic |c Roman Lacko, Ladislav Rosocha |
| 520 | |a Data Envelopment Analysis (DEA) je metóda založená na použití lineárneho programovania, ktorá sa používa na meranie a vyhodnotenie efektivity rozhodovacích jednotiek väčšinou servisných podnikov a neziskových verejných organizácií. Vyhodnotenie účinnosti v detských oddeleniach slovenských nemocníc pomocou DEA prístupu. | ||
| 610 | 2 | 0 | |a programovanie lineárne |
| 610 | 2 | 0 | |a algoritmy |
| 610 | 2 | 0 | |a výskum operačný |
| 610 | 2 | 0 | |a regresia |
| 610 | 2 | 0 | |a meranie |
| 610 | 2 | 0 | |a metódy |
| 610 | 2 | 0 | |a analýzy |
| 610 | 2 | 0 | |a zdravotníctvo |
| 100 | 1 | |a Lacko, Roman, 1988- | |
| 700 | 1 | |a Rosocha, Ladislav | |